| 000 | 01083nam a2200217Ia 4500 | ||
|---|---|---|---|
| 003 | Ost | ||
| 005 | 20260507075432.0 | ||
| 008 | 260507s9999||||xx |||||||||||||| ||und|| | ||
| 020 | _a9774081323 | ||
| 040 | _cfsecg | ||
| 041 | _aara | ||
| 100 |
_aطوبار، مي _eمؤلف |
||
| 245 | 0 |
_aدراسة الجدوى ونظام B-O-T / _c مي طوبار |
|
| 260 |
_aالقاهرة: _bدار الفاروق الاستثمارات الثقافية, _c2006 |
||
| 300 |
_a240 صفحة؛ _bإيضاحات ؛ _c24 سم |
||
| 490 | _aمهارات الادارة الحديثة | ||
| 520 | _aتعريف نظام B.O.T واهم الجوانب الايجابية والسلبية والمخاطر المحيطة به، المنظمات العلمية الدولية وتجارب بعض الدول المطبقة لنظام B.O.T استخدام المعلومات المحاسبية في طرق تقييم مشروعات البيئة الأساسية المطبقة بنظام B.O.T | ||
| 653 | _aالمشروعات-تصفية | ||
| 653 | _aدراسة الجدوى | ||
| 942 | _cكتاب | ||
| 999 |
_c44517 _d44517 |
||